00853nam a2200169 a 45000010005000000030009000050080041000140400028000550820016000831000019000992450120001182600051002383000016002895050319003056500021006246500038006452110CO-ViMGA141112s2004 ck r 000 u spa d aCO-ViMGAbspacCO-ViMGA04a618.19 B5151 aBland, Kirby I10aLa Mamá : bmanejo multidisciplinario de las enfermedades beningnas y malignas / cBland Kirby , Copeland Edward  aBuenos Aires : bMedica PanAméricana, c1993 a1360 p : il aAnatomía y fisiología de la mama normal y durante la lactancia 47 - - Mecanismos de oncogenesis y metástasis mamarias 453 - - Cirugía para las enfermedades benignas y malignas de las mamas 651 - - Tratamiento de la enfermedad sistemica 1059 - - Problemas clínicos especiales en el cáncer de mama 1233 14aCopeland, Edward14aGLANDULAS MAMARIAS - ENFERMEDADES